00738 2200265 4500001002100000005001700021008004100038020001800079035002400097082001100121090002300132100003300155245007400188250001100262260003800273300002700311440002200338650002300360700001900383850001600402980001500418985000600433986001000439999002300449YOGYA-0209000005553820090227033540.0 ind  a979-9247-10-1 0010-020900000055538 a028.55 a028.55bJam JlDEP aJAMALUDDIN AR AK, Andi, 1967 aJalan mulai terangcAndi Jamaluddin AR AK ; penyunting Sjamsu Dradjat aCet. 1 aYogyakartabMitragama Widyac2001 aix, 75 hlmbilusc20cm aSeri budi pekerti aBacaan Kanak Kanak aDrajad, Syamsu aYOPDBPD (M) a14/07/2004 a1 aimbia a2001-255 h CB-D.11